Países más obesos - Estadísticas

Estadísticas generales
  • Esta prueba ha sido intentada 4.923 veces
    1.411 desde el último reinicio
  • La puntuación promedio es 7 de 20
Estadísticas de respuestas
% País % Correcto
42,0 Estados Unidos
99%
69,9 Nauru
44%
62,4 Samoa
43%
64,2 Tuvalu
43%
71,7 Tonga
41%
45,9 Islas Marshall
40%
46,3 Kiribati
40%
47,1 E. F. Micronesia
39%
41,1 Palaos
37%
40,6 Arabia Saudita
33%
43,1 Catar
30%
38,9 Chile
29%
41,4 Kuwait
25%
44,3 Egipto
24%
40,5 Irak
24%
47,3 Bahamas
22%
38,0 Barbados
22%
45,6 San Cristóbal y Nieves
21%
38,5 Jordania
19%
42,3 Belice
12%
No se encontraron pruebas coincidentes
Distribución de puntuación
Porcentaje de gente con cada puntuación
Porcentaje por número respondido
Historial de tus puntuaciones
No has intentado esta prueba desde el último reinicio